Dictionary of major biblical interpreters / (Record no. 5232)
[ view plain ]
| 000 -LEADER | |
|---|---|
| fixed length control field | 01008cam a22002534a 4500 |
| 001 - CONTROL NUMBER | |
| control field | 14860319 |
| 005 - DATE AND TIME OF LATEST TRANSACTION | |
| control field | 20250326191312.0 |
| 008 - FIXED-LENGTH DATA ELEMENTS--GENERAL INFORMATION | |
| fixed length control field | 070522s2007 ilu bd 001 0deng |
| 020 ## - INTERNATIONAL STANDARD BOOK NUMBER | |
| International Standard Book Number | 9780830829279 (cloth : alk. paper) |
| 020 ## - INTERNATIONAL STANDARD BOOK NUMBER | |
| International Standard Book Number | 083082927X (cloth : alk. paper) |
| 020 ## - INTERNATIONAL STANDARD BOOK NUMBER | |
| International Standard Book Number | 9781844741946 (U.K. : cloth : alk. paper) |
| 020 ## - INTERNATIONAL STANDARD BOOK NUMBER | |
| International Standard Book Number | 184474194X (U.K. : cloth : alk. paper) |
| 050 00 - LIBRARY OF CONGRESS CALL NUMBER | |
| Classification number | BS501.A1 |
| Item number | H57 2007 |
| 082 00 - DEWEY DECIMAL CLASSIFICATION NUMBER | |
| Classification number | 220.609 |
| Edition information | 22 |
| 245 00 - TITLE STATEMENT | |
| Title | Dictionary of major biblical interpreters / |
| Statement of responsibility, etc. | edited by Donald K. McKim. |
| 250 ## - EDITION STATEMENT | |
| Edition statement | [2nd ed., new and expanded ed.]. |
| 260 ## - PUBLICATION, DISTRIBUTION, ETC. | |
| Place of publication, distribution, etc. | Downers Grove, Ill. : |
| Name of publisher, distributor, etc. | IVP Academic ; |
| Place of publication, distribution, etc. | Nottingham, England : |
| Name of publisher, distributor, etc. | Inter-Varsity Press, |
| Date of publication, distribution, etc. | 2007. |
| 300 ## - PHYSICAL DESCRIPTION | |
| Extent | xxviii, 1106 p. ; |
| Dimensions | 26 cm. |
| 500 ## - GENERAL NOTE | |
| General note | Rev. ed. of: Historical handbook of major biblical interpreters. c1998. |
| 650 #0 - SUBJECT ADDED ENTRY--TOPICAL TERM | |
| Topical term or geographic name entry element | Biblical scholars |
| Form subdivision | Dictionaries. |
| 700 1# - ADDED ENTRY--PERSONAL NAME | |
| Personal name | McKim, Donald K. |
| 856 41 - ELECTRONIC LOCATION AND ACCESS | |
| Materials specified | Table of contents only |
| Uniform Resource Identifier | <a href="http://www.loc.gov/catdir/toc/ecip0719/2007021666.html">http://www.loc.gov/catdir/toc/ecip0719/2007021666.html</a> |
| 942 ## - ADDED ENTRY ELEMENTS (KOHA) | |
| Source of classification or shelving scheme | Library of Congress Classification |
| Koha item type | Books |
| Suppress in OPAC | No |
| 999 ## - | |
| -- | 5232 |
| -- | 5232 |
| Withdrawn status | Lost status | Source of classification or shelving scheme | Damaged status | Not for loan | Collection | Home library | Current library | Shelving location | Date acquired | Total checkouts | Full call number | Barcode | Date last seen | Copy number | Price effective from | Koha item type |
|---|---|---|---|---|---|---|---|---|---|---|---|---|---|---|---|---|
| Library of Congress Classification | Non-fiction | Business Library (Miotso) | Business Library (Miotso) | General stacks | 03/26/2025 | BS501.A1H57 HIS REF. | BSSM00001625 | 03/26/2025 | 1 | 03/26/2025 | Books | |||||
| Library of Congress Classification | Reference | Science Library (Miotso) | Science Library (Miotso) | Reference | 12/11/2025 | REF BS501.A1H57 DIC | SLM00006590 | 12/11/2025 | 1 | 12/11/2025 | Books | |||||
| Library of Congress Classification | Reference | Undergraduate Library (Christ Temple) | Undergraduate Library (Christ Temple) | General stacks | 07/25/2025 | REF BS501.A1H57 DIC | ulct00004164 | 07/25/2025 | 1 | 07/25/2025 | Books |